The regulation of direct foreign investment in Australia, Canada, France Japan, and Mexico

Uloženo v:
Podrobná bibliografie
Médium: Kniha
Jazyk:Undetermined
Vydáno: Ben Crain 1974
Témata:
Tagy: Přidat tag
Žádné tagy, Buďte první, kdo otaguje tento záznam!
Thư viện lưu trữ: Trung tâm Học liệu Trường Đại học Cần Thơ
LEADER 00408nam a2200133Ia 4500
001 CTU_84848
008 210402s9999 xx 000 0 und d
082 |a 346.7 
082 |b R344 
245 4 |a The regulation of direct foreign investment in Australia, Canada, France Japan, and Mexico 
260 |a Ben Crain 
260 |c 1974 
650 |a industries 
980 |a Trung tâm Học liệu Trường Đại học Cần Thơ